Представление документа в формате RUSMARC

ПолеНазваниеЗначение
  Тип записи a
  Библиографический уровень m
001 Контрольный номер f16defd27c234b8d95c95482430824de
005 Дата корректировки 20140702132011.5
010 Индекс ISBN __
a ISBN 5-86225-901-5
010 Индекс ISBN __
a ISBN 0-256-11240-1
200 Заглавие и сведения об ответственности 1_
a Заглавие Организации: поведение, структура, процессы
e Сведения, относящиеся к заглавию учеб. для вузов: пер. с англ.
f Первые сведения об ответственности Джеймс Л. Гибсон, Джон Иванцевич , Джеймс Х.-мл. Доннелли
205 Сведения об издании __
b Дополнительные сведения об издании 8-е изд.
210 Выходные данные 1_
a Место издания М.
c Издательство ИНФРА-М
d Дата издания 2000
215 Физическое описание __
a Объем 660 с.
225 Серия 2_
a Серия Университетский учебник
610 Ключевые слова 0_
a Ключевые слова поведение в организации
610 Ключевые слова 0_
a Ключевые слова эффективность труда
610 Ключевые слова 0_
a Ключевые слова стресс
610 Ключевые слова 0_
a Ключевые слова лидерство
610 Ключевые слова 0_
a Ключевые слова организационное проектирование
610 Ключевые слова 0_
a Ключевые слова обобщение
610 Ключевые слова 0_
a Ключевые слова принятие решений
686 Индексы других классификаций __
a Классификационный индекс 65.050
2 Код системы rubbk
686 Индексы других классификаций __
a Классификационный индекс 65.050.8я73
2 Код системы rubbk
700 Автор _1
a Фамилия Гибсон
g Полное личное имя Джеймс Л.
701 Альтернативная интеллектуальная ответственность _1
a Фамилия Иванцевич
g Полное личное имя Джон
701 Альтернативная интеллектуальная ответственность _1
a Фамилия Доннелли
g Полное личное имя Джеймс Х.-мл.
801 Источник записи _0
a Страна RU
b Организация РУК
c Дата составления 20001221
g Правила каталогизации PSBO
801 Источник записи _1
a Страна RU
b Организация РУК
c Дата составления 20001221
g Правила каталогизации PSBO
852 Данные о местонахождении __
i Авторский знак Г46
j Шифр хранения ББК 65.050
901 Тип документа __
t Тип документа m
938 Служебная информация __
a Название организации Головной вуз
b Имя БД BOOK
c Название АИБС АИБС ИРБИС